000 00583nam a2200229Ia 4500
005 20250108124922.0
008 008 250107s9999 xx 000 0 eng d
020 _a978-93-804-2451-4
037 _aTB
040 _aCRL
_beng
_cCRL
041 _aeng
_2eng
084 _aG R0
084 _qCRL
100 _aAhuja M. L. Au.
245 0 _aEminenet Indians: writings from the raj
_cAhuja M. L. Au.
260 _aNew Delhi, India
_bRupa
_c2665
300 _axii,111p.
365 _aINR
_b265
650 _aBIOGRAPHY
942 _cTB
_hG R0
999 _c1235053
_d1235053